MyGZULibrary

Women, men, and work : (Record no. 8630)

MARC details
000 -LEADER
fixed length control field 01247cam a2200349 a 4500
001 - CONTROL NUMBER
control field 13409688
003 - CONTROL NUMBER IDENTIFIER
control field GZU
005 - DATE AND TIME OF LATEST TRANSACTION
control field 20210521104113.0
008 - FIXED-LENGTH DATA ELEMENTS--GENERAL INFORMATION
fixed length control field 030128s2001 rh b 000 0 eng
010 ## - LIBRARY OF CONGRESS CONTROL NUMBER
LC control number 2003405666
020 ## - INTERNATIONAL STANDARD BOOK NUMBER
International Standard Book Number 1779220030 (corrected)
035 ## - SYSTEM CONTROL NUMBER
System control number (DLC) 2003405666
040 ## - CATALOGING SOURCE
Original cataloging agency DLC
Transcribing agency DLC
Modifying agency DLC
042 ## - AUTHENTICATION CODE
Authentication code lcode
043 ## - GEOGRAPHIC AREA CODE
Geographic area code f-rh---
050 00 - LIBRARY OF CONGRESS CALL NUMBER
Classification number HD1538.Z55
Item number W65 2001
082 00 - DEWEY DECIMAL CLASSIFICATION NUMBER
Classification number 331.7/63/096891
Edition number 22
245 00 - TITLE STATEMENT
Title Women, men, and work :
Remainder of title rural livelihoods in south-eastern Zimbabwe /
Statement of responsibility, etc. edited by Paul Hebinck and Michael Bourdillon.
260 ## - PUBLICATION, DISTRIBUTION, ETC.
Place of publication, distribution, etc. Avondale, Harare :
Name of publisher, distributor, etc. Weaver Press,
Date of publication, distribution, etc. 2001.
300 ## - PHYSICAL DESCRIPTION
Extent 168 p. ;
Dimensions 21 cm.
504 ## - BIBLIOGRAPHY, ETC. NOTE
Bibliography, etc. note Includes bibliographical references (p. 159-168).
650 #0 - SUBJECT ADDED ENTRY--TOPICAL TERM
Topical term or geographic name entry element Agricultural laborers
Geographic subdivision Zimbabwe.
650 #0 - SUBJECT ADDED ENTRY--TOPICAL TERM
Topical term or geographic name entry element Women agricultural laborers
Geographic subdivision Zimbabwe.
650 #0 - SUBJECT ADDED ENTRY--TOPICAL TERM
Topical term or geographic name entry element Migrant agricultural laborers
Geographic subdivision Zimbabwe.
650 #0 - SUBJECT ADDED ENTRY--TOPICAL TERM
Topical term or geographic name entry element Food industry and trade
Geographic subdivision Zimbabwe
General subdivision Employees.
650 #0 - SUBJECT ADDED ENTRY--TOPICAL TERM
Topical term or geographic name entry element Rural industries
Geographic subdivision Zimbabwe.
700 1# - ADDED ENTRY--PERSONAL NAME
Personal name Hebinck, Paulus Gerardus Maria,
Dates associated with a name 1953-
700 1# - ADDED ENTRY--PERSONAL NAME
Personal name Bourdillon, M. F. C.
906 ## - LOCAL DATA ELEMENT F, LDF (RLIN)
a 7
b cbc
c origode
d 3
e ncip
f 20
g y-gencatlg
942 ## - ADDED ENTRY ELEMENTS (KOHA)
Source of classification or shelving scheme Library of Congress Classification
Koha item type Books
Classification part 802
Item part WOM
Call number prefix HN
Holdings
Withdrawn status Lost status Damaged status Not for loan Collection code Home library Current library Shelving location Date acquired Total Checkouts Full call number Barcode Date last seen Copy number Price effective from Koha item type
        Non-fiction Gender Resource Centre Gender Resource Centre General Stacks 05/21/2021   HN802 WEM 2001 004421 05/21/2021 C.1 05/21/2021 Books